000
00331nam a2200133Ia 4500
100
_a
Intel
650
_a
Electrical Engineering
942
_c
BK
654
_a
Microprocessor & Peripherals
245
_a
Microprocessor & Peripherals Hand Book
260
_b
Intel Corporation
_a
England
_c
1983
082
_a
621.3
546
_a
ENGLISH
999
_c
30805
_d
30805